Fortfeiture and section 146 notice (Record no. 76919)
[ view plain ]
| 000 -LEADER | |
|---|---|
| fixed length control field | 01394cab a2200193 4500 |
| 001 - CONTROL NUMBER | |
| control field | ##L133303 |
| 008 - FIXED-LENGTH DATA ELEMENTS--GENERAL INFORMATION | |
| fixed length control field | 060428n2006 000 0 eng u |
| 035 ## - SYSTEM CONTROL NUMBER | |
| System control number | (Sirsi) u133303 |
| 041 0# - LANGUAGE CODE | |
| Language code of text/sound track or separate title | eng |
| 245 00 - TITLE STATEMENT | |
| Title | Fortfeiture and section 146 notice |
| Remainder of title | getting it right |
| -- | Waycourt Ltd v Viscount Chelsea and another |
| -- | Court of Appeal, 20 March 2006 (unreported) |
| 260 ## - PUBLICATION, DISTRIBUTION, ETC. | |
| Date of publication, distribution, etc. | 2006 |
| 490 #0 - SERIES STATEMENT | |
| Series statement | Commercial Leases |
| Volume/sequential designation | 20(4) April 2006, 1091-1092(2) |
| 520 ## - SUMMARY, ETC. | |
| Summary, etc. | Discusses the main issues of the case "Waycourt Ltd v Viscount Chelsea and another" ([2006] EWCA Civ 511, unreported). The case consisted of how W, head lessee of a building had carried out alterations on some storage vaults (accessible by a single door) by converting them into a kitchen and dining area with access from two entrances. In doing so, V (who had the freehold) asserted that W had breached a clause in the lease that stated that alterations to the layout of the premises were not permitted. The appeal was dismissed on the grounds that alteration had clearly taken place. The article warns that s146 notices must be drafted with the utmost care and double checked for any discrepancies. |
| 590 ## - LOCAL NOTE (RLIN) | |
| Local note | IKA090506 |
| 650 24 - SUBJECT ADDED ENTRY--TOPICAL TERM | |
| Topical term or geographic name entry element | WAYCOURT LTD V VISCOUNT CHELSEA AND ANOTHER |
| 650 24 - SUBJECT ADDED ENTRY--TOPICAL TERM | |
| Topical term or geographic name entry element | LAW OF PROPERTY ACT 1925 S146 |
| 690 ## - LOCAL SUBJECT ADDED ENTRY--TOPICAL TERM (OCLC, RLIN) | |
| Topical term or geographic name as entry element | COMMERCIAL LANDLORD AND TENANT-BUSINESS TENANCIES-FORFEITURE OF BUSINESS TENANCIES |
| 942 ## - ADDED ENTRY ELEMENTS (KOHA) | |
| Suppress in OPAC | 0 |
| Withdrawn status | Lost status | Source of classification or shelving scheme | Damaged status | Not for loan | Home library | Current library | Shelving location | Date acquired | Total Checkouts | Full call number | Barcode | Date last seen | Copy number | Price effective from | Koha item type |
|---|---|---|---|---|---|---|---|---|---|---|---|---|---|---|---|
| Dewey Decimal Classification | London | London | Journal article | 28/04/2006 | L133303 | 133303-1001 | 06/08/2019 | 1 | 06/08/2019 | Journal article |